| 000 | 00990nam a2200265Ia 4500 | ||
|---|---|---|---|
| 003 | OSt | ||
| 005 | 20220930092757.0 | ||
| 006 | a|||||r|||| 00| 0 | ||
| 007 | ta | ||
| 008 | 220926b |||||||| |||| 00| 0 eng d | ||
| 024 | _a24648 | ||
| 037 | _cTheses | ||
| 040 |
_aCRL _cCRL _beng |
||
| 041 |
_2eng _aeng |
||
| 100 |
_aGhosh Rupanwita _9547928 |
||
| 110 |
_aUniversity OF Delhi. Faculty OF Medical Sciences. Department OF Pharmacology _9522434 |
||
| 245 | 0 | _aComparative evaluation of efficacies of desvenlafaxine, milnacipran and fluoxetine and correlation with bdnf and other biochemical parameters in major depressive disorder | |
| 260 | _c2014 | ||
| 650 | _aPHARMACOLOGY | ||
| 700 |
_a Dr. M. S. Bhatia Gu. _9537043 |
||
| 700 |
_a Dr. Rachna Gupta Gu. _9549170 |
||
| 700 |
_aUniversity OF Delhi. Faculty OF Medical Sciences. Department OF Pharmacology _9522436 |
||
| 942 |
_cDIS _2CC |
||
| 999 |
_c884278 _d884278 |
||